01078 2200205 4500001002100000005001500021035002000036007000300056008004100059020002100100082001000121084001600131100005100147245010500198260003100303300004700334700002500381520044700406600001900853INLIS00000000000233320260407092658 a0010-0426000011ta260407 j 0 ind  a978-623-266-68-7 a613.2 a613.2 JU y0 aJuwalita Surapsari, M.Gizi, SpGK ( Pengarang )1 aYuk,mengonsumsi makanan sehat dan bergizi /cdr. Juwalita Surapsari, M.Gizi, SpGK; editor, Hanissa E aJakarta :bErlangga,c2022 a58 hlm :biIus,bergambar,berwarna ;c21 cm0 aHanissa E ( Editor ) aApakah kebutuhan gizi harianmu sudah cukup ? Apakah kamu kekurangan atau kelebihan gizi ? Apakah makanan faforitmu baik untukmu ? Apakah yang harus kamu lakukan agar dapat memiliki tubuh yang cukup gizi ? Yuk, cari tahu jawabannya melalui buku ini !. Yuk, mengonsumsi makanan sehat dan bergizi ditulis dengan ringkas dan mudah dicerna, sehingga dapt kamu jadikan panduan praktis dalam memenuhi kebutuhan gizimu setiap hari. Ayo hidup sehat! . 4aMakanan - gizi